Personalidades Brasileiras - Statistics

Estatísticas Gerais
  • Esse quiz foi jogado 19 vezes
  • A pontuação média é 2 de 10
Estatísticas das Respostas
Personalidades % Correto
2 Getúlio Vargas
56%
4 Machado de Assis
50%
3 Dom Pedro II
39%
6 Monteiro Lobato
39%
5 Oscar Niemeyer
17%
1 Pedro Álvares Cabral
17%
8 Anita Garibaldi
6%
10 Chiquinha Gonzaga
6%
7 Luiz Inácio Lula da Silva
6%
9 Maria Quitéria
0%
Nenhum quiz correspondente encontrado
Distribuição das Pontuações
Porcentagem de Pessoas com Cada Pontuação
Percentil de Números Respondidos
Sua Pontuação Histórica
Você não jogou esse quiz